Stations du Métro de Paris par lettre - L - Statistiques

Statistiques générales
  • Ce quiz a été pris 476 fois
    362 depuis la dernière actualisation
  • Le résultat moyen est 13 sur 25
Statistiques - réponses
Lignes Stations % Correct
1 La Défense
74%
1 Louvre-Rivoli
73%
6,8,10 La Motte-Picquet Grenelle
70%
7,7bis Louis Blanc
66%
1 Les Sablons
63%
5 Laumière
62%
2 La Chapelle
61%
3 Louise Michel
60%
13 La Fourche
58%
13 Les Courtilles
57%
7 Les Gobelins
56%
4 Les Halles
56%
13 Liège
55%
13 Les Agnettes
53%
8 Lourmel
52%
7 Le Peletier
49%
7 La Courneuve 8 mai 1945
48%
12 Lamarck Caulaincourt
48%
8 Liberté
46%
8 Ledru-Rollin
44%
9 La Muette
43%
8 La Tour-Maubourg
42%
14 L'Haÿ-les-Roses
37%
11 La Dhuys
30%
7 Le Kremlin-Bicêtre
30%
Aucun quiz correspondant
Distribution des résultats
% des personnes avec chaque résultat
Percentile par nombre de réponses
Votre historique - résultats
Vous n’avez pas pris ce quiz depuis la dernière actualisation